|
|
|
|
| LEADER |
01411nam a22003972a 4500 |
| 001 |
001641702 |
| 003 |
CZ BrMZK |
| 005 |
20180824083410.0 |
| 007 |
ta |
| 008 |
180810s1962 xr er|||||||||||cze d |
| 015 |
|
|
|a cnb000732079
|
| 035 |
|
|
|a (OCoLC)85710957
|
| 040 |
|
|
|a ABA001
|b cze
|c LIA001
|d ABA001
|d BOA001
|
| 043 |
|
|
|a e-xr---
|b e-xr-mo
|2 czenas
|
| 045 |
|
|
|a w6x6
|
| 072 |
|
7 |
|a 677
|x Textilní průmysl
|2 Konspekt
|9 19
|
| 080 |
|
|
|a 677.31
|2 MRF
|
| 080 |
|
|
|a 338.45(091)
|2 MRF
|
| 080 |
|
|
|a (437.326)
|2 MRF
|
| 080 |
|
|
|a (082.2)
|2 MRF
|
| 100 |
1 |
|
|a Šupík, Vintíř
|4 aut
|
| 245 |
1 |
0 |
|a 100 let mechanické výroby vlněných tkanin - Karnola, vlnařské závody, národní podnik, Krnov :
|b 1862-1962 /
|c zprac. V. Šupík ; fot.: Jaroslav Slabý
|
| 260 |
|
|
|a Krnov :
|b [Karnola],
|c 1962
|
| 300 |
|
|
|a [12] s. ;
|c 8°
|
| 504 |
|
|
|a Obsahuje bibliografii
|
| 610 |
2 |
7 |
|a Karnola (firma)
|7 ko2015855727
|2 czenas
|
| 648 |
|
4 |
|a 1862-1962
|
| 648 |
|
7 |
|a 19.-20. století
|7 ch757015
|2 czenas
|
| 650 |
0 |
7 |
|a vlnařství
|7 ph890979
|z Česko
|y 19.-20. století
|2 czenas
|
| 650 |
0 |
7 |
|a dějiny průmyslu
|7 ph488969
|z Česko
|y 19.-20. století
|2 czenas
|
| 651 |
|
7 |
|a Krnov (Česko)
|7 ge129679
|2 czenas
|
| 655 |
|
7 |
|a jubilejní publikace
|7 fd131839
|2 czenas
|
| 910 |
|
|
|a BOA001
|b X-0483.684
|
| 990 |
|
|
|a BK
|
| 991 |
|
|
|b 201806
|
| 996 |
6 |
|
|b 2618953300
|c X-0483.684
|l MZK
|r Sklad / do 24 hodin
|n 0
|w 001677707
|u 000010
|a 1
|e BOA001
|j MZK50
|s P
|